000 00708nam a2200265Ia 4500
005 20260302114038.0
008 008 260114s9999 xx 000 0 eng d
020 _a9781350438590
037 _aTextbook
040 _aCRL
040 _beng
040 _cCRL
041 _2eng
041 _aeng
084 _qCRL
100 _aMatthew Rukgaber
_91085719
245 4 _aThe Human as the Other Towards an Inclusive Philosophical Anthropology
260 _bBloomsbury
260 _bBloomsbury Academic
260 _c2025
650 _aPhilosophy
856 _uhttps://doi.org/10.5040/9781350438590?locatt=label:secondary_bloomsburyCollections
942 _cEBOOK
999 _c1681149
_d1681149